000 00863nas a2200289 4500
001 BR0804272
003 BR-BrBNA
005 20231205111800.0
007 ta
008 230509b bl.|||p| |||| 00| 00por d
040 _aBR-BrBNA
_bpor
_cBiblioteca Nacional de Agricultura
041 _a(Pt)
072 _aL73; L70
100 1 _aBorges, K.D.A.
100 1 _aViana, F.A.B.
100 1 _aBurato, A.C.
100 1 _aFulgêncio, G.O.
245 1 _aEficácia clínica da gentamicina, cetoconazol e betametasona para o tratamento da otite externa em cães e gatos
650 _aCÃO
650 _aGATO
650 _aOTITE
650 _aBACTÉRIA
650 _aMEDICAMENTO
773 0 _tA Hora Veterinária (Brazil)
_xISSN 0101-9163
_g(Jul-Aug 2006), v. 26(152) p. 37-40
_wBR0804272
909 _a202311
_bLúcia
_c55
_dLúcia Elande
942 _2AGRIS
_n0
_cANA
999 _c194454
_d194454